Päť zlomených čepelí /
Päť najnebezpečnejších klamárov v krajine má spolupracovať na jedinom cieli: zabiť kráľa Joona, ktorý v krajine vládne nemilosrdnou rukou. Každý z nich má dôvod ho zabiť – nájomný vrah hľadá vykúpenie, krásna vrahyňa túži po slobode, princ sa chce pomstiť, že ho poslali do vyhnanstva. Nikto z nich n...
Uloženo v:
| Série: | Zlomené čepele,
část 1 |
|---|---|
| Hlavní autor: | |
| Médium: | E-kniha |
| Jazyk: | Czech |
| Vydáno: |
Praha :
Albatros Media Slovakia s.r.o.,
2025
|
| Příbuzné jednotky: | Z cyklu::
Zlomené čepele |
| Tagy: |
Žádné tagy |
| LEADER | 01563nam a22002417i 4500 | ||
|---|---|---|---|
| 001 | 303231 | ||
| 007 | ta | ||
| 008 | 260518s2025 xr ||||| |||| 00| 0 cze d | ||
| 020 | |a 9788056646069 | ||
| 044 | |a xr | ||
| 100 | 1 | |a Corland, Mai |4 aut | |
| 245 | 1 | 0 | |a Päť zlomených čepelí / |c Corland, Mai |
| 240 | 1 | 0 | |a Five Broken Blades |
| 264 | 1 | |a Praha : |b Albatros Media Slovakia s.r.o., |c 2025 | |
| 300 | |a 1 online zdroj (480 stran) | ||
| 336 | |a text |b txt |2 rdacontent | ||
| 337 | |a bez média |b n |2 rdamedia | ||
| 338 | |a online zdroj |b cr |2 rdacarrier | ||
| 520 | 2 | |a Päť najnebezpečnejších klamárov v krajine má spolupracovať na jedinom cieli: zabiť kráľa Joona, ktorý v krajine vládne nemilosrdnou rukou. Každý z nich má dôvod ho zabiť – nájomný vrah hľadá vykúpenie, krásna vrahyňa túži po slobode, princ sa chce pomstiť, že ho poslali do vyhnanstva. Nikto z nich nedokáže odolať sladkému, mrazivému vábeniu pomsty. Ak chcú prežiť, musia nájsť spôsob, ako si navzájom dôverovať… korunu však môže získať len jeden. | |
| 787 | 0 | 8 | |g 1 |i Z cyklu: |t Zlomené čepele |
| 910 | |a RBIT002 | ||
| 998 | |d 426922 |a https://core.palmknihy.cz/api/books/426922/cover?tesgho |b https://core.palmknihy.cz/api/books/426922/cover/400?tesgho |c https://core.palmknihy.cz/api/books/426922/cover/50?tesgho |e 2029-07-17 |g 480 |i 9788056646069 |j https://core.palmknihy.cz/api/books/426922/preview.epub |k https://core.palmknihy.cz/api/books/426922/preview.pdf |l |q 49 |r 1 |s https://www.palmknihy.cz/kniha/426922 |t ebook |y 2025 |z 1 |v Zlomené čepele |w 1 | ||
| 999 | |d 303229 | ||